Sobre la visión y los colores: seguido de la correspondencia con Johann Wolfgang Goethe

Đã lưu trong:
Chi tiết về thư mục
Tác giả chính: Schopenhauer, Arthur (Tác giả)
Định dạng: Sách
Ngôn ngữ:Tiếng Tây Ban Nha
Được phát hành: Madrid Trotta 2013
Phiên bản:1a. ed
Những chủ đề:
Các nhãn: Thêm thẻ
Không có thẻ, Là người đầu tiên thẻ bản ghi này!

MARC

LEADER 00000cam a2200000 a 4500
001 UCE0662
003 CL-VaPUC
008 140227e20130000sp |||||||||||||||||spa|d
020 |a 9788498793505 
082 0 4 |a 701.85  |b SCH  |2 21 
100 0 |a Schopenhauer, Arthur  |e author  |9 265694 
245 1 0 |a Sobre la visión y los colores: seguido de la correspondencia con Johann Wolfgang Goethe 
250 |a 1a. ed 
300 |a 153 p 
942 |c BK 
945 |d 20140227 11:27:00  |a dcastane 
260 |a Madrid  |b Trotta  |c 2013 
650 0 |a Color   |9 265507 
650 0 |a Teoría del color  |9 545404 
650 0 |a Crítica e interpretación   |9 255042 
650 0 |a Filosofía del arte  |9 264951 
583 |a last modification  |c 20140227 11:27:00  |k Rodrigo Vera 
999 |c 354724  |d 354722 
952 |0 0  |1 0  |3 erb  |4 0  |6 701_850000000000000_SCH_2013  |7 0  |8 A  |9 460872  |a BIBART  |b BIBART  |i 5057469  |l 4  |m 3  |o 701.85 SCH 2013  |p 5057469  |r 2025-03-20  |s 2025-03-13  |w 2019-11-23  |y BK  |z Catalogado en:20140227  |k ART